[Event "Liffre op"]
[Site "Liffre"]
[Date "2019.10.24"]
[Round "8"]
[White "Lassimonne, Jeremy"]
[Black "Sundararajan, Kidambi"]
[Result "0-1"]
[WhiteElo "1614"]
[BlackElo "2422"]
[PlyCount "66"]
[EventDate "2019.10.19"]
[EventType "swiss"]
[EventRounds "9"]
[EventCountry "FRA"]
[SourceTitle "CBM 192 Extra"]
[Source "Chessbase"]
[SourceDate "2019.11.06"]
[SourceVersion "1"]
[SourceVersionDate "2019.11.06"]
[SourceQuality "1"]

1. e4 c5 2. Nf3 e6 3. d4 cxd4 4. Nxd4 a6 5. a3 Nf6 6. Nc3 Qc7 7. Be2 Nc6 8. Nb3 b5 9. 0-0 Be7 10. Be3 0-0 11. f4 d6 12. Nd4 Bb7 13. Bf3 Na5 14. Qe1 Nc4 15. Bc1 Qb6 16. Qf2 d5 17. e5 Ne4 18. Bxe4 dxe4 19. Nce2 f6 20. Nb3 Qxf2+ 21. Rxf2 e3 22. Rf1 fxe5 23. a4 b4 24. c3 Be4 25. fxe5 Rxf1+ 26. Kxf1 Rf8+ 27. Ke1 Bxg2 28. Ng3 h5 29. Nxh5 Rf1+ 30. Ke2 Rf2+ 31. Ke1 Nxe5 32. Nd4 Nd3+ 33. Kd1 Bf3+ 0-1

[Event "Morbihan-ch 0506"]
[Site "Arradon"]
[Date "2006.04.15"]
[Round "7"]
[White "Nestour, Bernard"]
[Black "Lassimonne, Jeremy"]
[Result "0-1"]
[WhiteElo "1499"]
[BlackElo "1610"]
[PlyCount "84"]
[EventDate "2005.10.01"]
[EventType "swiss"]
[EventRounds "7"]
[EventCountry "FRA"]
[SourceTitle "EXT 2007"]
[Source "ChessBase"]
[SourceDate "2006.11.23"]
[SourceVersion "1"]
[SourceVersionDate "2006.11.23"]
[SourceQuality "1"]

1. d4 d5 2. c4 c5 3. dxc5 e6 4. b4 Nf6 5. Bg5 Be7 6. Bxf6 Bxf6 7. Nd2 Bxa1 8. Qxa1 0-0 9. e3 Nc6 10. Qb1 b6 11. Bd3 h6 12. Ngf3 dxc4 13. Nxc4 bxc5 14. b5 Nb4 15. Be4 Rb8 16. a4 a6 17. b6 Bb7 18. 0-0 a5 19. Nfe5 Bxe4 20. Qxe4 Qd5 21. Qxd5 exd5 22. Nxa5 Rxb6 23. Nd7 Ra6 24. Nxf8 Rxa5 25. Nd7 f6 26. Rc1 Nd3 27. Rc3 c4 28. Ra3 Kf7 29. h3 Ke7 30. Nb8 Kd6 31. g3 Kc7 32. Na6+ Rxa6 33. a5 Kc6 34. Ra2 Kb5 35. Ra1 Rxa5 36. Rb1+ Kc5 37. Rb7 c3 38. Rc7+ Kb4 39. Rd7 c2 40. e4 c1Q+ 41. Kg2 Ra1 42. Rxd5 Qh1# 0-1

[Event "Morbihan-ch 0506"]
[Site "Arradon"]
[Date "2005.12.10"]
[Round "3"]
[White "Le Clanche, Marcel"]
[Black "Lassimonne, Jeremy"]
[Result "1-0"]
[WhiteElo "1750"]
[BlackElo "1610"]
[PlyCount "81"]
[EventDate "2005.10.01"]
[EventType "swiss"]
[EventRounds "7"]
[EventCountry "FRA"]
[SourceTitle "EXT 2007"]
[Source "ChessBase"]
[SourceDate "2006.11.23"]
[SourceVersion "1"]
[SourceVersionDate "2006.11.23"]
[SourceQuality "1"]

1. d4 d5 2. c4 e6 3. Nc3 c5 4. cxd5 exd5 5. Nf3 Nc6 6. Bg5 f6 7. Bc1 c4 8. g3 Bb4 9. Bg2 Bg4 10. 0-0 Qd7 11. Bf4 g5 12. Bc1 0-0-0 13. a3 Ba5 14. Na4 Nge7 15. Nc5 Qf5 16. b4 Bb6 17. Bb2 Bh3 18. Rc1 Bxg2 19. Kxg2 h5 20. Qc2 Qxc2 21. Rxc2 g4 22. Nh4 Rd6 23. e4 Rf8 24. exd5 Nxd5 25. Nf5 Rd7 26. Nxd7 Kxd7 27. Rxc4 Re8 28. Rc2 Re4 29. f3 gxf3+ 30. Kxf3 Rg4 31. h3 Rg5 32. g4 hxg4+ 33. hxg4 Nc7 34. Re2 Nb5 35. d5 Ne5+ 36. Bxe5 fxe5 37. Rxe5 Nxa3 38. Rh1 Nb5 39. Re7+ Kc8 40. Rh8+ Bd8 41. Ree8 1-0